Normal view
MARC view
- Press Ethics--Pakistan.
Entry Topical Term
001 - CONTROL NUMBER
- control field: 122
003 - CONTROL NUMBER IDENTIFIER
- control field: Nust
005 - DATE AND TIME OF LATEST TRANSACTION
- control field: 20170508124036.0
008 - FIXED-LENGTH DATA ELEMENTS
- fixed length control field: 170508|| aca||aabn | a|a d
040 ## - CATALOGING SOURCE
- Original cataloging agency: Nust
- Transcribing agency: Nust
150 ## - HEADING--TOPICAL TERM
- Topical term or geographic name entry element: Press Ethics--Pakistan.
670 ## - SOURCE DATA FOUND
- Source citation: Work cat.: (Nust)23626: Dr. Ahsan Akhtar Naz 121, Sahafat-e-Akhlaqyat (Urdu), c 2005.
